| 000 | 00416nam a2200181Ia 4500 | ||
|---|---|---|---|
| 008 | 170705s9999 xx 000 0 und d | ||
| 020 | _a9780545631594 | ||
| 245 | _aFly guy presents : | ||
| 245 | _bdinosaurs / | ||
| 245 | _cTedd Arnold. | ||
| 260 | _aNew York : | ||
| 260 | _bScholastic, | ||
| 260 | _c2014 | ||
| 300 | _aunpaged : | ||
| 300 | _bcolor illustration ; | ||
| 440 | _aFly guy. | ||
| 500 | _a570 | ||
| 999 |
_c336913 _d336913 |
||